Statistics for Funkytown - Lipps Inc.

Click here to take the quiz!

General Stats

  • This quiz has been taken 8 times
  • The average score is 272 of 328

Answer Stats

Answer% Correct
Funkytown?
100%
Funkytown
100%
me?
100%
me
100%
Take
100%
take
100%
to
100%
to?)
100%
To
100%
to)
100%
Won't
100%
won't
100%
(Won't
100%
(won't
100%
you
100%
a
75%
for
63%
go
63%
I
63%
it
63%
right
63%
that's
63%
about
50%
Gotta
50%
groovin'
50%
make
50%
move
50%
on
50%
talk
50%
Talk
50%
wanna
50%
Well
50%
down
38%
Keep
38%
keep
38%
movin'
38%
Town
38%
town
38%
with
38%
yeah?
38%
energy
25%
now
25%
some
25%

Score Distribution

Percentile by Number Answered

Percent of People with Each Score

Your Score History

You have not taken this quiz